FIFA 19 - FIFA 17 Piłkarze oceniani na 90+ - Statystyki

Ogólne statystyki
  • Ten quiz został rozwiązany 152 razy
  • Średni wynik to 31 z 39
Statystyki odpowiedzi
Gra Ocena Ogólna Drużyna Piłkarz % Poprawnych
FIFA 19 94 Cristiano Ronaldo
100%
FIFA 18 94 Cristiano Ronaldo
100%
FIFA 17 94 Cristiano Ronaldo
100%
FIFA 19 94 Lionel Messi
99%
FIFA 18 93 Lionel Messi
99%
FIFA 17 93 Lionel Messi
99%
FIFA 19 92 Neymar Jr.
96%
FIFA 18 92 Neymar Jr.
96%
FIFA 17 92 Neymar Jr.
96%
FIFA 19 90 Robert Lewandowski
92%
FIFA 18 91 Robert Lewandowski
92%
FIFA 17 90 Robert Lewandowski
92%
FIFA 19 90 Harry Kane
89%
FIFA 19 91 Luis Suarez
85%
FIFA 18 92 Luis Suarez
85%
FIFA 17 92 Luis Suarez
85%
FIFA 19 90 Manuel Neuer
85%
FIFA 18 92 Manuel Neuer
85%
FIFA 17 92 Manuel Neuer
85%
FIFA 19 91 Luka Modrić
84%
FIFA 19 91 Kevin De Bruyne
80%
FIFA 18 91 Kevin De Bruyne
80%
FIFA 19 91 Sergio Ramos
76%
FIFA 18 90 Sergio Ramos
76%
FIFA 19 91 Eden Hazard
75%
FIFA 18 91 Eden Hazard
75%
FIFA 17 90 Gareth Bale
73%
FIFA 19 90 Jan Oblak
73%
FIFA 19 91 David De Gea
70%
FIFA 18 91 David De Gea
70%
FIFA 17 90 David De Gea
70%
FIFA 19 90 Toni Kroos
69%
FIFA 18 90 Toni Kroos
69%
FIFA 17 90 Zlatan Ibrahimović
67%
FIFA 19 90 Giorgio Chiellini
57%
FIFA 19 90 Thibaut Courtois
56%
FIFA 17 90 Jerome Boateng
48%
FIFA 19 90 Diego Godin
43%
FIFA 18 90 Gonzalo Higuain
41%
Nie znaleziono quizów pasujących do podanych kryteriów
Rozkład punktacji
Procent ludzi z każdym wynikiem
Percentyl według liczby udzielonych odpowiedzi
Twoja historia wyników
Nie rozwiązałeś tego quizu